|
|
|
|
| LEADER |
00000nam0a2200000 4500 |
| 001 |
307710 |
| 005 |
20231102002024.0 |
| 035 |
|
|
|a (RuTPU)RU\TPU\book\333015
|
| 090 |
|
|
|a 307710
|
| 100 |
|
|
|a 20151023d1889 k y0rusy50 ca
|
| 101 |
1 |
|
|a rus
|c fre
|
| 102 |
|
|
|a RU
|
| 105 |
|
|
|a y z 001zy
|
| 200 |
1 |
|
|a Эволюция собственности
|d L"Evolution de la Propriete
|e [пер. с фр.]
|f Ш. Летурно
|
| 210 |
|
|
|a Санкт-Петербург
|c Издание журнала "Русское богатство"
|c Типо-литография Месника и Римана
|d 1889
|
| 215 |
|
|
|a 409, [2] с.
|
| 317 |
|
|
|5 63413507: 69//337
|a Поступила в НТБ в 1905 году в составе книжного собрания Н. А. Сборовского.
|
| 320 |
|
|
|a Библиография в подстрочных примечаниях.
|
| 510 |
1 |
|
|a L"Evolution de la Propriete
|z eng
|
| 610 |
1 |
|
|a собственность
|
| 610 |
1 |
|
|a общественная собственность
|
| 610 |
1 |
|
|a частная собственность
|
| 610 |
1 |
|
|a история
|
| 610 |
1 |
|
|a социология
|
| 610 |
1 |
|
|a наследство
|
| 610 |
1 |
|
|a наследование
|
| 610 |
1 |
|
|a эволюция
|
| 610 |
1 |
|
|a владельческие знаки
|
| 610 |
1 |
|
|a коллекция Н. А. Сборовского
|
| 686 |
|
|
|a С55.35
|v LBC/SL-A
|2 rubbk
|
| 700 |
|
1 |
|a Летурно
|b Ш.
|c французский социолог
|c этнограф
|c президент Парижского Антропологического Общества (1886)
|f 1831-1902
|g Шарль
|2 stltpush
|3 (RuTPU)RU\TPU\pers\35411
|9 18619
|
| 801 |
|
1 |
|a RU
|b 63413507
|c 20151023
|
| 801 |
|
2 |
|a RU
|b 63413507
|c 20170320
|g RCR
|
| 942 |
|
|
|c BK
|